| 000 | 01216nam a22002537a 4500 | ||
|---|---|---|---|
| 003 | OSt | ||
| 005 | 20181129090845.0 | ||
| 008 | 180227b xxu||||| |||| 00| 0 spa d | ||
| 020 | _a9501401928 | ||
| 040 | _cPJ | ||
| 100 |
_9104 _aEscola, Héctor Jorge |
||
| 245 | 1 | 0 | _aCompendio de derecho administrativo / |
| 260 |
_aBuenos Aires : _bDepalma, _c1990. |
||
| 300 |
_a2 v. _c22 cm. |
||
| 500 | _aNotas y citas a pie de página. | ||
| 505 | _aContenido: v. 1: Administración pública. Derecho administrativo. Relaciones jurídicas subjetivas. Organización administrativa. Función pública. Servicios públicos. Actos administrativos. Obligaciones administrativas. v. 2: Contratos administrativos. Actividades administrativa. Actividades administrativas de coacción. Dominio público. Limitaciones administrativas a la propiedad privada. Responsabilidad del estado. Principio de legalidad. | ||
| 650 | 0 |
_aDERECHO ADMINISTRATIVO _9211 |
|
| 650 | 0 |
_aADMINISTRACION PUBLICA _9877 |
|
| 650 | 0 |
_aPROCEDIMIENTO ADMINISTRATIVO _91135 |
|
| 650 | 0 |
_aACTO ADMINISTRATIVO _91171 |
|
| 650 | 0 |
_aCONTRATOS ADMINISTRATIVOS _91170 |
|
| 650 | 0 |
_aRECURSOS ADMINISTRATIVOS _91136 |
|
| 942 |
_2udc _cLIB _h342.9 _iESC |
||
| 999 |
_c2122 _d2122 |
||